| 000 | 00349nam a2200133Ia 4500 | ||
|---|---|---|---|
| 008 | 191201s2014 xx 000 0 und d | ||
| 100 | _aBALASUBRAMANIAM, R | ||
| 245 | 0 | _aCallister's Materials Science and Engineering | |
| 250 | _a2nd | ||
| 260 |
_aN. delhi _bWiley Dreamtech India _c2014 |
||
| 300 | _aMisc | ||
| 650 | _aB.Tech(ME) | ||
| 942 |
_2ddc _cBK |
||
| 999 |
_c6026 _d6026 |
||